Moneda, banca y mercados financieros / Frederic S. Mishkin (Registro nro. 7518)

Detalles MARC
000 -LEADER
fixed length control field 00538nam a22002051a 4500
001 - CONTROL NUMBER
control field 7518
003 - CONTROL NUMBER IDENTIFIER
control field OSt
005 - DATE AND TIME OF LATEST TRANSACTION
control field 20260204212134.0
008 - FIXED-LENGTH DATA ELEMENTS--GENERAL INFORMATION
fixed length control field 071204s2008||||mx ||||||b||||||||||spa||
020 ## - NUMERO DE LIBRO INTERNACIONAL NORMALIZADO
International Standard Book Number 9702610850
050 ## - LIBRARY OF CONGRESS CALL NUMBER
Classification number 332.1 M687m
100 ## - ASIENTO PRINCIPAL -- NOMBRE PERSONAL
Personal name Mishkin, Frederic S.
245 ## - TÍTULO PROPIAMENTE DICHO: SUBTÍTULO
Title Moneda, banca y mercados financieros / Frederic S. Mishkin
250 ## - MENCIÓN DE EDICIÓN
Edition statement 8
264 ## - PRODUCTION, PUBLICATION, DISTRIBUTION, MANUFACTURE, AND COPYRIGHT NOTICE
Place of production, publication, distribution, manufacture México : Pearson
300 ## - PHYSICAL DESCRIPTION
Extensión 768 p
500 ## - GENERAL NOTE
General note Incluye indice
650 ## - ASIENTO SECUNDARIO DE MATERIA -- TERMINO TEMÁTICO
Termino Temático Como Elemento de Entrada Moneda y Banca 2.Administración Financiera 3.EconomíaÌ
942 ## - ADDED ENTRY ELEMENTS (KOHA)
Source of classification or shelving scheme Dewey Decimal Classification
Koha item type Libros
Existencias
Withdrawn status Lost status Source of classification or shelving scheme Damaged status Not for loan Current library Date acquired Full call number Barcode Date last seen Price effective from Koha item type Total Checkouts
    Dewey Decimal Classification Descartado para donación   Biblioteca UTECO 09/09/2019 332.1 M687M 013815 09/09/2019 09/09/2019 Libros  
    Dewey Decimal Classification     Biblioteca UTECO 09/09/2019 332.1 M687M 013816 09/09/2019 09/09/2019 Libros  
    Dewey Decimal Classification Descartado para donación   Biblioteca UTECO 09/09/2019 332.1 M687M 013817 09/09/2019 09/09/2019 Libros  
    Dewey Decimal Classification Descartado para donación   Biblioteca UTECO 09/09/2019 332.1 M687M 013818 09/09/2019 09/09/2019 Libros  
    Dewey Decimal Classification     Biblioteca UTECO 09/09/2019 332.1 M687M 014396 09/09/2019 09/09/2019 Libros  
© 2021 Derechos Reservados UTECO - Teléfono: +1 809-585-2291 - Correo electrónico: biblioteca@uteco.edu.do​  
Código postal 43000 ​​
Dirección: Avenida Universitaria No. 100, 
Cotuí, Provincia Sánchez Ramírez, República Dominicana - RNC: 404-00059-6